Responses for show #7520 - Friday, April 28, 2017

Alan Lin game 5.

Contestants

Kevin McCarthy, a postal clerk from Lincoln, Rhode Island

Rachel Snyder, a writer from Grand Rapids, Michigan

Alan Lin, a software engineer from Santa Barbara, California (whose 4-day cash winnings total $84,400)

Jeopardy! Round responses

CELEBRITY FRAGRANCES
LIT-POURRI
THE WIDE WORLD OF SPOTS
WHAT COLOR IS YOUR BUSINESS?
FIRST & "TEN"
WE'RE GOING LONG
    $200 17
Jennifer Lopez

Kevin
    $200 15
Aesop

Alan
    $200 18
Dalmatians

Alan
    $200 20
black

Alan
    $200 6
tennis

Kevin
    $200 1
Vienna and Canberra

Alan
    $400 16
Michael Jordan

Rachel
    $400 11
the Joad family

Alan
    $400 19
a blind spot

Kevin
    $400 24
red

Alan
    $400 7
tendinitis

Alan
    $400 2
In Search of Lost Time (or Remembrance of Things Past)

Alan
    $600 26
(Alex: With less than a minute now.)

Jay Z and Beyoncé

Kevin
    $600 12
(Kevin: The Mad Hatter?)

the Caterpillar

AlanKevin
    $600 23
Twister

Rachel
    $600 28
orange

Rachel
    $600 8
tenants

Kevin
    $600 3
antelope

Alan
    $800 29
Nicki Minaj

Alan
    $800 13
(Nathaniel) Hawthorne

Alan
    $800 22
liver spots

Alan
    $800 25
Blue Apron

Triple Stumper
    $800 9
tenacity

Kevin
    $800 4
(Kevin: What is the intestine?)
(Alex: Which one?)
(Kevin: The large.)

the small intestines

RachelKevin
    $1000 30
Liz Taylor

Kevin
    $4,000 14
(Alan: Oh, jeez. Who is... the slave master?)
(Alex: I need a name.)
(Alan: Who is slave master Smith?)

Simon Legree

Alan
    $1000 21
the Big Red Spot

Alan
    $1000 27
pink

Rachel
    $1000 10
tenable

Alan
    $1000 5
Shanghai

Kevin

Scores at the first commercial break (after clue 14):

Alan Rachel Kevin
$400 $800 $1,200

Scores at the end of the Jeopardy! Round:

Alan Rachel Kevin
$4,000 $3,400 $3,400

Double Jeopardy! Round responses

LITTLE MYTH SUNSHINE
ANNUAL EVENTS
I AM A CATEGORY
CLUES ACROSS OHIO
(Alex: And the clues will be read by on-air talent from our affiliated stations in that state.)
THE SPANISH-AMERICAN WAR
IN COMMUNICADO
(Alex: Each correct response will be a word that can be formed from the letters in the word "communicado.")
    $400 14
(Kevin: Who is Isis?)

Ra

RachelKevin
    $400 1
Labor Day

Rachel
    $400 25
"I Am The Walrus"

Alan
    $400 26
(John) Boehner

Kevin
    $400 10
Guantánamo

Alan
    $400 4
domain

Kevin
    $800 3
the Aztec

Kevin
    $800 2
a bog

Alan
    $800 11
I Am Your Father

Alan
    $800 30
(Kevin: What's Columbus?)

Toledo

RachelKevin
    $800 24
the Rough Riders

Alan
    $800 5
a commando

Kevin
    $1200 12
Sol

Rachel
    $2,000 15
(Rachel: Um... I can picture them, but I can't come up with the word.)
...
(Alex: "In your Easter [*].")

bonnets

Rachel
    $1200 16
Malala

Alan
    $1200 29
A Christmas Story

Rachel
    $1200 21
yellow fever

Alan
    $1200 6
imam

Alan
    $1600 17
the Aborigines

Rachel
    $1600 9
Hampton

Kevin
    $1600 18
Spartacus

Alan
    $1600 28
Ben Roethlisberger

Triple Stumper
    $3,000 22
Guam

Alan
    $1600 7
cadmium

Kevin
    $2000 19
the Basques

Alan
    $2000 13
kings

Kevin
    $2000 20
(Kevin: What's Hi-Ho, the Derry-O?)

I Am the Cheese

Kevin
Triple Stumper
    $2000 27
(Georges) Seurat

Alan
    $2000 23
Secretary of State

Alan
    $2000 8
modicum

Rachel

Scores at the end of the Double Jeopardy! Round:

Alan Rachel Kevin
$21,400 $9,000 $7,800
(lock game)

[wagering suggestions for these scores]

Final Jeopardy! Round responses

HISTORIC WORKS' FIRST LINES
(Alex: [To Kevin] By Adam Smith.)
KevinWhat is The Wealth of Nations
$1,201
RachelWhat Das Kapital
$7,000
AlanWhat is the Wealth of Nations
$3,000
The Wealth of Nations

Final scores:

Alan Rachel Kevin
$24,400 $2,000 $9,001
5-day champion: $108,800 3rd place: $1,000 2nd place: $2,000

Game dynamics:

Coryat scores:

Alan Rachel Kevin
$24,000 $11,000 $7,800
28 R
(including 1 DD),
1 W
(including 1 DD)
12 R,
1 W
(including 1 DD)
15 R,
5 W

Combined Coryat: $42,800

The J! Archive is created by fans, for fans. The Jeopardy! game show and all elements thereof, including but not limited to copyright and trademark thereto, are the property of Jeopardy Productions, Inc. and are protected under law. This website is not affiliated with, sponsored by, or operated by Jeopardy Productions, Inc. Join the discussion at JBoard.tv.